| 000 | 01192nam a22003617a 4500 | ||
|---|---|---|---|
| 003 | CHAP | ||
| 005 | 20220329133800.0 | ||
| 008 | 971013s1970 r 00010 d | ||
| 010 | _a10820 | ||
| 011 | _a11792 | ||
| 035 | _a11115 | ||
| 040 | _cCHAP | ||
| 082 | 0 | 4 |
_a547 _bB73y 1970 |
| 100 | 0 | 0 |
_aBrewster, Ray Q. _915293 |
| 245 | 1 | _aCurso práctico de química orgánica | |
| 260 |
_aMadrid : _bAlhambra, _c1970 |
||
| 300 |
_a352 p. _b: ilus. |
||
| 490 | _aVertix: 15 | ||
| 500 | _aTrad. de la 3 ed. en inglés de 1970 | ||
| 590 |
_aBATCH-UPD _b10 _c20130110 _lUCH01 _h1522 |
||
| 590 |
_aBATCH-UPD _b10 _c20130410 _lUCH01 _h0933 |
||
| 590 |
_aBATCH-UPD _b10 _c20130914 _lUCH01 _h1018 |
||
| 590 |
_aCONVERSION _b10 _c20130109 _lUCH01 _h1307 |
||
| 650 | 1 | 4 |
_aQuímica orgánica _xExperimentos. _993600 |
| 650 | 1 | 4 |
_aQuímica _xManuales de laboratorio. _993567 |
| 700 | 0 |
_aMcEwen, William E. _973505 |
|
| 700 | 0 |
_aVanderwerf, Calvin A. _9117875 |
|
| 830 | 0 |
_aVertix: 15 _9118975 |
|
| 901 | _aBK | ||
| 942 | _cLIBRO | ||
| 949 |
_a547 B73y 1970 _bBC _cLIBRO _d-141274 _eLIBRO _gI.126208 _h65662 _i11115 _si |
||
| 949 |
_a547 B73y 1970 _bBC _cLIBRO _d33724002014298 _eLIBRO _fc.2 _gI.126209 _h65663 _i11115 _si |
||
| 999 |
_c10820 _d10820 |
||